| 000 | 00441nam a22001937a 4500 | ||
|---|---|---|---|
| 003 | MPLRDC | ||
| 005 | 20220104142418.0 | ||
| 008 | 210129b ||||| |||| 00| 0 eng d | ||
| 020 | _a957-9610-32-0 | ||
| 082 | _a857.8 MGJD v.34 | ||
| 100 | _a孟梵 | ||
| 245 |
_a猎夫 _c |
||
| 250 | _a初版 | ||
| 260 |
_a _b剧场出版社 _c1996 |
||
| 300 | _b平 | ||
| 490 | _a玫瑰经典. 34 | ||
| 650 | _a小说 | ||
| 942 |
_cBK _o857.8 MGJD v.34 |
||
| 999 |
_c30707 _d30697 |
||